书目信息 |
| 题名: |
幸福原动力
|
|
| 作者: | 埃科尔 著 ;黄珏苹 译 | |
| 分册: | ||
| 出版信息: | 杭州 浙江人民出版社 2015.03 |
|
| 页数: | XI, 222页 | |
| 开本: | 23cm | |
| 丛书名: | 湛庐文化 | |
| 单 册: | ||
| 中图分类: | B82-49 | |
| 科图分类: | ||
| 主题词: | 幸福--xing fu--通俗读物 | |
| 电子资源: | ||
| ISBN: | 978-7-213-06579-8 | |
| 000 | 01553nam 2200361 450 | |
| 001 | 0100195228 | |
| 005 | 20201118093111.75 | |
| 010 | @a978-7-213-06579-8@dCNY46.90 | |
| 100 | @a20150409d2015 em y0chiy50 ea | |
| 101 | 1 | @achi@ceng |
| 102 | @aCN@b330000 | |
| 105 | @aa z 000yy | |
| 106 | @ar | |
| 200 | 1 | @a幸福原动力@Axing fu yuan dong li@e赢得快乐竞争力的5个秘诀@f(美) 肖恩·埃科尔著@F( mei ) xiao en ai ke er zhu@d= Before happiness@e5 actionable strategies to create a positive path to success@fShawn Achor@g黄珏苹译@Ghuang jue ping yi@zeng |
| 210 | @a杭州@c浙江人民出版社@d2015.03 | |
| 215 | @aXI, 222页@c图@d23cm | |
| 225 | 2 | @a湛庐文化@Azhan lu wen hua@i心视界 |
| 225 | 2 | @aTED演讲人作品@ATED yan jiang ren zuo pin |
| 225 | 2 | @a左右沙发·幸福书系@Azuo you sha fa · xing fu shu xi |
| 330 | @a本书通过分析构建积极现实、绘制心理地图、寻找X点、消除噪音和积极启动5个原动力, 帮助你拥有积极特质, 让你在职业和生活的各个方面都能卓越不凡、出类拔萃。 | |
| 410 | 0 | @12001 @a湛庐文化@i心视界 |
| 410 | 0 | @12001 @aTED演讲人作品 |
| 410 | 0 | @12001 @a左右沙发·幸福书系 |
| 500 | 10 | @aBefore happiness : 5 actionable strategies to create a positive path to success@mChinese |
| 517 | 1 | @a赢得快乐竞争力的5个秘诀@Aying de kuai le jing zheng li de 5 ge mi jue |
| 540 | @a幸福原动力 | |
| 606 | 0 | @a幸福@Axing fu@j通俗读物 |
| 690 | @aB82-49@v5 | |
| 701 | 1 | @a埃科尔@Aai ke er@g(Achor, Shawn)@4著 |
| 702 | 0 | @a黄珏苹@Ahuang jue ping@4译 |
| 801 | @aCN | |
| 901 | @a18 | |
| 905 | @eA270@dB82-49@a河南城建学院图书馆@b1275082-4@f3 | |
| 幸福原动力:赢得快乐竞争力的5个秘诀/(美) 肖恩·埃科尔著= Before happiness:5 actionable strategies to create a positive path to success/Shawn Achor/黄珏苹译.-杭州:浙江人民出版社,2015.03 |
| XI, 222页:图;23cm.-(湛庐文化.心视界).-(TED演讲人作品).-(左右沙发·幸福书系) |
| ISBN 978-7-213-06579-8:CNY46.90 |
| 本书通过分析构建积极现实、绘制心理地图、寻找X点、消除噪音和积极启动5个原动力, 帮助你拥有积极特质, 让你在职业和生活的各个方面都能卓越不凡、出类拔萃。 |
| ● |
| 相关链接 |
|
|
|
正题名:幸福原动力
索取号:B82-49/A270
 
预约/预借
| 序号 | 登录号 | 条形码 | 馆藏地/架位号 | 状态 | 备注 |
| 1 | 1275082 | 212750823 | 社科库509/509社科库 21排3列1层/ [索取号:B82-49/A270] | 在馆 | |
| 2 | 1275083 | 212750830 | 社科库509/509社科库 21排3列1层/ [索取号:B82-49/A270] | 在馆 | |
| 3 | 1275084 | 212750847 | 社科库509/509社科库 21排3列1层/ [索取号:B82-49/A270] | 在馆 |